Amarse en cuerpo y alma : Toda la verdad sobre amor, sexo, ovulación y control de nacimientos / John Billings ; Antonio Carlos Hualde, Traductor (Registro nro. 32648)
[ vista simple ]
| 000 -LÍDER | |
|---|---|
| Campo fijo de descripción fija | 010030000a22002290004500 |
| 041 0# - CÓDIGO DE IDIOMA | |
| Código de idioma para texto/pista de sonido o título separado | |
| 082 04 - NÚMERO DE CLASIFICACIÓN DECIMAL DEWEY | |
| Número de clasificación | G 176 B5983a |
| 001 - NÚMERO DE CONTROL | |
| Campo de control | 1325 |
| 100 1# - ASIENTO PRINCIPAL--NOMBRE PERSONAL | |
| Nombre personal | Billings, John (1938-) |
| 245 10 - TÍTULO | |
| Título del Material | Amarse en cuerpo y alma : Toda la verdad sobre amor, sexo, ovulación y control de nacimientos / John Billings ; Antonio Carlos Hualde, Traductor |
| 250 ## - MENCIÓN DE EDICIÓN | |
| Mención de edición | 4 |
| 260 ## - PUBLICACIÓN, DISTRIBUCIÓN, ETC. (PIE DE IMPRENTA) | |
| Lugar de publicación, distribución, etc. | Bogotá, Colombia : Paulinas |
| 300 ## - DESCRIPCIÓN FÍSICA | |
| Extensión | 63 Pag. |
| 336 ## - CONTENT TYPE | |
| Content type term | texto |
| Content type code | txt |
| Source | rdacontent |
| 337 ## - MEDIA TYPE | |
| Source | rdamedia |
| Media type term | sin mediación |
| Media type code | n |
| 338 ## - CARRIER TYPE | |
| Source | rdacarrier |
| Carrier type term | volumen |
| Carrier type code | nc |
| 500 ## - NOTA GENERAL | |
| Nota General | Título original : Every man a lover |
| 505 00 - NOTA DE CONTENIDO | |
| Nota de contenido con formato preestablecido | el hombre esta hecho para amar -- amar y ser amado -- el amor tiene su fundamento en Dios -- lo que necesita una madre -- paternidad responsable -- planificación familia -- método natural -- maneras de expresar el amor -- de cara al problema verdadero -- consecuencias del uso de la píldora |
| 650 14 - ASIENTO SECUNDARIO DE MATERIA - TERMINO TEMÁTICO | |
| Término temático o nombre geográfico como elemento de entrada | CONTROL NATAL \ MATRIMONIO |
| 942 ## - TIPO DE MATERIAL (KOHA) | |
| Tipo de Item KOHA | Libros General |
| Estado de Material | Estado de Perdido | Estado de Dañado | No para Préstamo | Colección | Tomo | Biblioteca de Origen | Biblioteca Permanente | Fecha de Adquisición | Total de Préstamos | Signatura Topográfica | Código de Barras | Última vez visto | Última vez Préstado | Ejemplar/Existencia | Fecha de Remplazo | Tipo de Material |
|---|---|---|---|---|---|---|---|---|---|---|---|---|---|---|---|---|
| Colección General | Biblioteca FUSBC | Biblioteca FUSBC | 13/10/2004 | 1 | G 176 B5983a | 777 | 12/12/2019 | 05/09/2019 | 1 | 26/01/2016 | Libros General |
